Report of the children and youth survey 1992

Guardado en:
Detalles Bibliográficos
Formato: Libro
Lenguaje:inglés
tailandés
Publicado: Bangkok National Statistical Office [1993]
Materias:
Etiquetas: Agregar Etiqueta
Sin Etiquetas, Sea el primero en etiquetar este registro!

MARC

LEADER 00000nam a2200000 4500
001 c101151
005 20221123112723.3
020 |a 974-8095-31-2 
041 0 |a eng 
041 0 |a tha 
044 |a TH 
245 1 0 |a Report of the children and youth survey 1992 
264 1 |a Bangkok  |b National Statistical Office  |c [1993] 
300 |a 137 s. 
610 2 0 |a štatistika 
610 2 0 |a Thajsko 
610 2 0 |a údaje štatistické 
610 2 0 |a 1992 
610 2 0 |a deti 
610 2 0 |a mládež